000 00384nam a22001457a 4500
003 OSt
005 20251029125200.0
008 251029b |||||||| |||| 00| 0 eng d
020 _a039304162X
040 _cW.W NORTON & COMPANY
050 _aDF 77 .H36 1943
245 _aTHE GREEK WAY
_cHAMILTON, EDITH
260 _aNEW YORK, LONDON
_bW. W. NORTON & COMPANY
_c1943
942 _2lcc
_cBK
_n0
999 _c9728
_d9728